000 00785caa a22002417a 4500
999 _c410812
_d410812
001 123649
003 UA-OsUOA
005 20200117140930.0
007 ta
008 20170630b un ||||| |||| 00| 0 ukr d
040 _aUA-OsUOA
_bukr
_cUA-OsUOA
_dUA-OsUOA
041 _aukr
080 _a908
090 _a908
_bС32
100 _aСерафим
245 _aПроблема перекладів Біблії
_cСерафим
300 _aС. 367–371
650 7 _a908 Краєзнавство
_2UDC
773 0 _0320239
_9338333
_dОстрог Острозька академія 1999
_o63558
_tНаукові записки
_w(UA-OsUOA) 33791
_z966-76-31-01-Х
942 _cBKA
_2udc
955 _a1